000 00353nam a2200169Ia 4500
005 20250423095907.0
008 250422s9999 xx 000 0 und d
020 _a975-486-581-7
050 _aQA 76.73 .J38/
245 0 _aJava
260 _aIstanbul
260 _bBeta
260 _c1997
300 _a751 p
650 _aComputer
942 _cBK
999 _c31651
_d31651